000 00932cam a2200289 i 4500
001 17192426
005 20161119143000.0
008 120302s2012 nyu 000 1 eng
010 _a 2011534664
020 _a978-0-385-52123-9 (pbk.)
040 _aDLC
_beng
_cDLC
_erda
042 _apcc
050 0 0 _aPS3602.R385
_bS57 2012
082 0 0 _aDFic
_22012
_bB73s
100 1 _aBrashares, Ann.
245 1 0 _aSisterhood everlasting :
_ba novel /
_cAnn Brashares.
250 _aRandom House Trade Paperbacks edition.
260 _aNew York :
_bRandom House Trade Paperbacks,
_c2012.
300 _axii, 364 pages ;
_c21 cm.
650 0 _aFemale friendship
_vFiction.
650 0 _aInterpersonal relations
_vFiction.
650 0 _aLife change events
_vFiction.
655 7 _aBildungsromans.
_2gsafd
906 _a7
_bcbc
_corignew
_d2
_encip
_f20
_gy-gencatlg
942 _2ddc
_cDFIC
999 _c5793
_d5793